MDQL
is popping MORE tags! Check the
thread
!
Quizzes
Events
Quiz Creation
Community
Videos
Private Events
Remove Ads
Sign In
Join for FREE
Feedback
Dark Mode
Quiz Categories
Sports
Geography
Music
Movies
Television
Just For Fun
Miscellaneous
History
Literature
Language
Science
Gaming
Entertainment
Religion
Holiday
For Kids
Quiz Lab
Recent
Popular Today
Quiz Kudos Today
Editor Picks
Curator Picks
Quizzes by...
Day
Popularity
Type
Ratings
Length
Year
Community
Subscriptions
Recent Discussions
Orange Saloon
Badges
Playlists
Quests
Create
Leaderboards
Showdown
Live 5
Trivia Bingo
Activity
Puzzle Library
Sporcle Events
Private Events
Virtual Trivia
Globe League
Become a Host
Pub Owners
SporcleCon
Opinionation
Our Games
Videos
Blog
Mobile Apps
Partnerships
Remove Ads and Go Orange
Feedback
Gaming
Video Games
Board Games
Card Games
Pokémon
Mario
Nintendo
Minecraft
Console
Toys
Legend of Zelda
Gaming
Video Games
Board Games
Card Games
Pokémon
Mario
Nintendo
Minecraft
Console
Toys
Legend of Zelda
Random Quiz
Search Sporcle
×
Featured
Featured
Gaming
Nintendo
Select answers by clicking on text or image buttons
Select answers by clicking on text or image buttons
Clickable
Best Score? Go Orange.
Complete the Pokémon Move II Stats
Can you complete the names of these Pokémon moves?
By
Hullabaloo
5m
48 Questions
26.1K Plays
26,086 Plays
26,086 Plays
Comments
Comments
Give Quiz Kudos
Give Quiz Kudos
-
- Ratings
hide this ad
Forced Order
Answers have to be entered in order
Answers have to be entered in order
Replay
Link that replays current quiz
Next Quiz
Link to next quiz in quiz playlist
You Got
0%
They Got
Avg Score
58%
Avg Friend Score
Upgrade to see
Score Distribution
Jump to the score distribution portion of the page
Score
0/48
Timer
05:00
13
Plays Today
% Correct
Aerial
79.9%
Slam
78.5%
High
78.2%
Leech
74.5%
Karate
74.4%
Calm
74.3%
Chop
72.8%
Belly
72.4%
Drill
71.6%
Shade
71.5%
Ball
71.1%
Song
70.9%
Confuse
69.2%
Zap
69.1%
Lovely
69%
Play
68.8%
Odor
68.6%
Me
67%
Icy
65.7%
Move
63.8%
Hone
63.5%
Mash
63.3%
Tears
62.8%
Spore
62.7%
% Correct
Wind
62.5%
Spikes
60.8%
Wood
60.5%
Vital
60.1%
Gunk
59.9%
Spray
58.4%
Power
58.4%
Trump
58.3%
Gastro
58.3%
Tantrum
58%
Quiver
56.9%
Fire
56%
Blast
53.7%
Sky
53.4%
Wave
52.4%
Gem
52.4%
Doom
51.5%
Weather
50.4%
Needle
49.7%
Burst
47.4%
Steam
47.2%
Subzero
45.7%
Dance
43.3%
Reflect
42.8%
Quiz Playlist
Details
Report
Send in Message
Add To Playlist
Clickable:
Select answers by clicking on text or image buttons
Forced Order:
Answers have to be entered in order
Quiz Source
Last Updated: Jul 21, 2020
Featured
Editor Pick in
Gaming
Quiz Scoreboard
CHALLENGE
Sign Up to Join the Scoreboard
Show All
Scores
Hide
Comments
May contain spoilers
Recently Published
1-10 Letter E Words III
by El_Dandy
Language
2m
Street Fighter Characters
by Artimus82
Gaming
60s
College Basketball Coaching Resumes
by pancakes188
Sports
9m
More to Explore
Quiz From the Vault
Featured Blog Post
Where Did the Easter Bunny Come From?
hide this ad
You Might Also Like...
Tags
Clickable Quiz
Missing Word Quiz
Nintendo Quiz
Pokémon Quiz
Pokémon Moves
Today's Top Quizzes in Gaming
Browse Gaming
hide this ad
Today's Top Quizzes in Nintendo
Browse Nintendo
Top Contributed Quizzes in Gaming
1
5-to-1: Consoles
2
7-to-1: Board Game Piece Blitz
3
5-to-1: Legend of Zelda
4
League of Legends Pro Players by Career/Team History
5
Destiny 2 exotic weapons by perk icons
6
Ultimate Genshin Impact Logic Puzzle (up to 4.3)
7
Quick Pick: Video Games Lost in Translation
8
Franchise by Action Figure
9
Who's on the WWE 2K24 Cover?
10
Genshin Impact Logic Puzzle Quiz
Explore More
Trending Topics
NBA
Crossword
Marvel
Disney
Kpop
Anime
Harry Potter
Song
Pokémon
Soccer
The Office
WWE
Country
Puzzle
NFL
hide this ad
More By:
Hullabaloo
Quiz
Plays
Rating
Category
Featured
Created
Find the Countries of Central America
420,634
4.76
Geography
Nov 7, 2015
Premier League Fives
236,362
4.68
Sports
Mar 6, 2015
Click the Correct Animal
146,309
4.83
Science
Nov 6, 2015
Find the Countries of Yugoslavia
145,424
4.70
Geography
Nov 6, 2015
Premier League: Middle of the Road Teams
107,433
4.75
Sports
Aug 28, 2013
Go to Creator's Profile
Score Distribution
Quiz Creator Spotlight
Hullabaloo
Follow
Send a Message
Quizzes Created
-
Created Quiz Play Count
-
More By This Creator
Popular Quizzes Today
1
Find the US States - No Outlines Minefield
2
Find the Countries of Europe - No Outlines Minefield
3
The Countries of the World
4
Find the US States
5
Risky Map Clicking: Biggest States A-Z
6
US States
7
Popular People in 1961
8
Movies - When Are They Set?
More Gaming Quizzes
Headless Video Game Characters
Published
Trending Quizzes
Risky Map Clicking: Least Populous States A-Z
USA Borders Longest to Shortest
1-10 Letter G Words
1-10 Letter F Words
Countries of the World: 200 Million BC
Recently Updated
Leaping Animals
pecheneg
Reality TV Shows (A-Z)
bhenderson79
Rickey Henderson's Hall of Fame Teammates
pecheneg
Champions League XIs: Arsenal
pecheneg
Quick Pick: Celebrities in WWE's Hall of Fame
aduchscher
A-Z Keypad Blitz II
pecheneg
Multiple Oscar Actors
pecheneg
Mystery Phrase Blitz: Oscar 'Best Actors'
pecheneg
F. Scott Fitzgerald Novels
LTH
Pick 3 Villains
ddd62291
Trending Topics
Kpop
Harry Potter
Anime
Marvel
NBA
Disney
Crossword
WWE
Pokémon
Country
NFL
Soccer
Song
Puzzle
The Office
Your Account Isn't Verified!
In order to create a playlist on Sporcle, you need to verify the email address you used during registration. Go to your
Sporcle Settings
to finish the process.
Report this User
Report this user for behavior that violates our
Community Guidelines
.
Details:
Send Report
Go to the Sporcle.com Mobile Site →
Comments